| 000 | 01023 a2200169 4500 | ||
|---|---|---|---|
| 003 | Nust | ||
| 005 | 20170207154029.0 | ||
| 040 | _cNust | ||
| 082 | _a005.133 | ||
| 100 | _aGong, Li | ||
| 245 |
_aInside java™ 2 platform security: srchitecture, API design, and implementation- (E-BOOK) _bLi Gong and Garry Ellison |
||
| 250 | _a2nd | ||
| 260 |
_aNew York _bThe Sun _c2002 |
||
| 300 | _a262 p. | ||
| 505 | _aCHAPTER 1. COMPUTER AND NETWORK SECURITY FUNDAMENTALS(Page-9)CHAPTER 2. BASIC SECURITY FOR THE JAVA PROGRAMMING LANGUAGE(Page-25)CHAPTER 4. SECURE CLASS LOADING.(Page-37)CHAPTER 5. ELEMENTS OF SECURITY POLICY.(Page-49)CHAPTER 6. ENFORCING SECURITY POLICY(Page-72)CHAPTER 7. CUSTOMIZING THE SECURITY ARCHITECTURE (Page-92)CHAPTER 8. ESTABLISHING TRUST.(Page-102)CHAPTER 9. OBJECT SECURITY(Page-124)CHAPTER 10. PROGRAMMING CRYPTOGRAPHY(Page-139)CHAPTER 11. NETWORK SECURITY.(Page-189)CHAPTER 12. DEPLOYING THE SECURITY ARCHITECTURE.(Page-207)CHAPTER 13. OTHER PLATFORMS AND FUTURE DIRECTIONS(Page-242) | ||
| 650 | _aE-BOOK | ||
| 942 |
_2ddc _cBK |
||
| 999 |
_c192042 _d192042 |
||